| 000 | 00467cam a2200169ua 4500 | ||
|---|---|---|---|
| 020 | _a0 87201 318 9 | ||
| 041 |
_aeng _h |
||
| 082 |
_a028.71624 _bHSU/SI |
||
| 100 | _aHsu, Tang H . | ||
| 245 |
_aStructural engineering and applied mechanics data handbook : Beams vol-1 / _cTang H hsu. _hTextual Documents |
||
| 250 |
_a1 / _b. |
||
| 260 |
_aLondon : _bGulf Publishing Company , _c1988. |
||
| 300 | _a280 ; . | ||
| 504 | _a | ||
| 942 | _cBK | ||
| 999 |
_c7118 _d7118 |
||